Texas music education primer.

Bibliographic Details
Corporate Author: Texas Music Office
Format: Government Document Book
Language:English
Published: Austin, Tex. : Texas Music Office, Office of the Governor, [1996]
Edition:1996-97 ed., [2nd ed.].
Subjects:

MARC

Tag First Indicator Second Indicator Subfields
LEADER 00000cam a2200000 a 4500
001 in00001343521
005 20151005092654.0
008 961127s1996 txu b s000 0 eng d
035 |a (OCoLC)36010300 
035 |9 AHE4929AM 
040 |a IKM  |c IKM  |d TXA  |d UtOrBLW 
049 |a TXAO 
086 |a G842.5 M973ED 1996-7  |2 txdocs 
245 0 0 |a Texas music education primer. 
250 |a 1996-97 ed., [2nd ed.]. 
264 1 |a Austin, Tex. :  |b Texas Music Office, Office of the Governor,  |c [1996] 
264 4 |c ©1996 
300 |a 47 pages :  |b map ;  |c 28 cm. 
336 |a text  |b txt  |2 rdacontent 
337 |a unmediated  |b n  |2 rdamedia 
338 |a volume  |b nc  |2 rdacarrier 
500 |a Cover title. 
504 |a Includes bibliographical references (pages 41-44). 
650 0 |a Music  |x Instruction and study  |z Texas. 
650 0 |a Universities and colleges  |x Curricula  |z Texas. 
710 2 |a Texas Music Office. 
999 |a MARS 
999 f f |s 5314526a-17db-3b36-88a4-4ce13358fba9  |i be5c718c-897b-38bd-a530-c5ce65aba61b  |t 0 
952 f f |p normal  |a Texas A&M University  |b College Station  |c Sterling C. Evans Library  |d Evans: Texas Documents (Annex 5th floor)  |t 0  |e G842.5 M973ED 1996-7  |h Superintendent of Documents classification  |i unmediated -- volume  |m A14820570200 
998 f f |a G842.5 M973ED 1996-7  |t 0  |l Evans: Texas Documents (Annex 5th floor)